[Event "POL-chT 2nd League"]
[Site "Jastrzebia Gora"]
[Date "2023.09.03"]
[Round "2.15"]
[White "Chmiel, Marcin"]
[Black "Praczukowski, Stanislaw"]
[Result "1/2-1/2"]
[WhiteElo "2184"]
[BlackElo "2142"]
[PlyCount "44"]
[EventDate "2023.09.02"]
[EventType "team-swiss"]
[EventRounds "9"]
[EventCountry "POL"]
[SourceTitle "EXT 2024"]
[Source "ChessBase"]
[SourceDate "2023.10.10"]
[SourceVersion "1"]
[SourceVersionDate "2023.10.10"]
[SourceQuality "1"]
[WhiteTeam "Krakow KKSz"]
[BlackTeam "Torun UKS OPP"]
[WhiteTeamCountry "POL"]
[BlackTeamCountry "POL"]

1. c4 c6 2. g3 d5 3. Nf3 Nf6 4. Bg2 dxc4 5. 0-0 Nbd7 6. Na3 Nb6 7. Ne5 Qd4 8. Nxc6 bxc6 9. Bxc6+ Bd7 10. Bxa8 Nxa8 11. d3 cxd3 12. Be3 Qd5 13. Qxd3 Qxd3 14. exd3 Nb6 15. Rfc1 Nfd5 16. Bc5 g6 17. Bd4 f6 18. f4 e6 19. Nc4 Be7 20. Ne3 Nxe3 21. Bxe3 Bd8 22. a4 a5 1/2-1/2

[Event "Warsaw Maciei Memorial"]
[Site "Warsaw"]
[Date "2023.07.10"]
[Round "3"]
[White "Chmiel, Marcin"]
[Black "Pacan Milej, Kosma"]
[Result "0-1"]
[WhiteElo "2184"]
[BlackElo "2402"]
[PlyCount "100"]
[EventDate "2023.07.10"]
[EventType "swiss (blitz)"]
[EventRounds "11"]
[EventCountry "POL"]
[SourceTitle "CBM 215 Extra"]
[Source "ChessBase"]
[SourceDate "2023.09.30"]
[SourceVersion "1"]
[SourceVersionDate "2023.09.30"]
[SourceQuality "1"]

1. c4 Nf6 2. g3 g6 3. Bg2 Bg7 4. Nc3 0-0 5. d4 d6 6. Nf3 c6 7. 0-0 Bf5 8. Ne1 d5 9. Qb3 Qb6 10. cxd5 cxd5 11. Qxb6 axb6 12. Nxd5 Nxd5 13. Bxd5 Nc6 14. e3 e5 15. dxe5 Bh3 16. Bg2 Bxg2 17. Kxg2 Nxe5 18. Bd2 Nc4 19. Bc3 Bxc3 20. bxc3 Rfd8 21. Nf3 Rd3 22. Rfc1 Ra3 23. Nd4 Rd2 24. Kg1 Raxa2 25. Rxa2 Rxa2 26. Rb1 Ra3 27. Rb3 Ra1+ 28. Kg2 Ra2 29. Kg1 Ra1+ 30. Kg2 Rc1 31. h4 h5 32. Kh2 Kg7 33. Nb5 Rc2 34. Kg1 Ne5 35. Rb4 Nd3 36. Nd4 Nxb4 37. cxb4 Rc1+ 38. Kg2 b5 39. Nxb5 Rb1 40. Nd4 Rxb4 41. Kf3 Rb1 42. Ke4 Kf6 43. f3 Rg1 44. Kf4 Ra1 45. g4 hxg4 46. fxg4 Rb1 47. e4 b5 48. e5+ Ke7 49. h5 gxh5 50. gxh5 b4 0-1

[Event "Warsaw Maciei Memorial"]
[Site "Warsaw"]
[Date "2023.07.10"]
[Round "1"]
[White "Kryston, Aleksander"]
[Black "Chmiel, Marcin"]
[Result "0-1"]
[WhiteElo "1366"]
[BlackElo "2184"]
[PlyCount "42"]
[EventDate "2023.07.10"]
[EventType "swiss (blitz)"]
[EventRounds "11"]
[EventCountry "POL"]
[SourceTitle "CBM 215 Extra"]
[Source "ChessBase"]
[SourceDate "2023.09.30"]
[SourceVersion "1"]
[SourceVersionDate "2023.09.30"]
[SourceQuality "1"]

1. d4 d5 2. c4 c6 3. Nc3 Nf6 4. e3 e6 5. Qc2 Nbd7 6. Nf3 Bd6 7. g4 h6 8. Be2 e5 9. cxd5 cxd5 10. dxe5 Nxe5 11. Nd4 Bxg4 12. Bxg4 Nexg4 13. Ndb5 0-0 14. h3 Ne5 15. Nxd6 Qxd6 16. Bd2 Nf3+ 17. Ke2 Ne5 18. Rag1 Rfe8 19. e4 Nxe4 20. Nxe4 dxe4 21. Qxe4 Ng6 0-1

[Event "POL-chT 2nd League"]
[Site "Jastrzebia Gora"]
[Date "2022.09.07"]
[Round "5.8"]
[White "Karwowski, Kacper"]
[Black "Chmiel, Marcin"]
[Result "1/2-1/2"]
[WhiteElo "2216"]
[BlackElo "2188"]
[PlyCount "24"]
[EventDate "2022.09.03"]
[EventType "team-swiss"]
[EventRounds "9"]
[EventCountry "POL"]
[SourceTitle "CBM 210 Extra"]
[Source "ChessBase"]
[SourceDate "2022.11.30"]
[SourceVersion "1"]
[SourceVersionDate "2022.11.30"]
[SourceQuality "1"]
[WhiteTeam "Grzybowo GKSz Solny"]
[BlackTeam "Krakow KKSz"]
[WhiteTeamCountry "POL"]
[BlackTeamCountry "POL"]

1. e4 e5 2. Nf3 Nc6 3. d4 exd4 4. Nxd4 Nf6 5. Nc3 Bb4 6. Nxc6 bxc6 7. Bd3 0-0 8. 0-0 d5 9. exd5 Bg4 10. f3 Bh5 11. dxc6 Qd4+ 12. Kh1 Bxc3 1/2-1/2

[Event "Polanica Zdroj op-B 58th"]
[Site "Polanica Zdroj"]
[Date "2022.08.21"]
[Round "9"]
[White "Terkiewicz, Bruno"]
[Black "Chmiel, Marcin"]
[Result "0-1"]
[WhiteElo "1473"]
[BlackElo "2192"]
[PlyCount "56"]
[EventDate "2022.08.13"]
[EventType "swiss"]
[EventRounds "9"]
[EventCountry "POL"]
[SourceTitle "CBM 210 Extra"]
[Source "ChessBase"]
[SourceDate "2022.11.30"]
[SourceVersion "1"]
[SourceVersionDate "2022.11.30"]
[SourceQuality "1"]

1. d4 d5 2. c4 c6 3. Nf3 Nf6 4. Nbd2 Bf5 5. Nh4 Be4 6. e3 e6 7. Be2 Bd6 8. Nhf3 0-0 9. 0-0 Nbd7 10. Nxe4 Nxe4 11. Qc2 f5 12. b3 Qf6 13. a4 g5 14. Ba3 g4 15. Ne1 Bxh2+ 16. Kxh2 Qh4+ 17. Kg1 Rf6 18. Be7 Raf8 19. Bxf6 Rxf6 20. g3 Qh3 21. Ng2 Rh6 22. Nh4 Ng5 23. Bxg4 fxg4 24. f4 Qxg3+ 25. Qg2 Nh3+ 26. Kh1 Qxh4 27. Ra2 g3 28. Rf3 Nxf4+ 0-1

[Event "Polanica Zdroj op-B 58th"]
[Site "Polanica Zdroj"]
[Date "2022.08.17"]
[Round "5"]
[White "Halhoul, Adam"]
[Black "Chmiel, Marcin"]
[Result "0-1"]
[WhiteElo "1672"]
[BlackElo "2192"]
[PlyCount "60"]
[EventDate "2022.08.13"]
[EventType "swiss"]
[EventRounds "9"]
[EventCountry "POL"]
[SourceTitle "CBM 210 Extra"]
[Source "ChessBase"]
[SourceDate "2022.11.30"]
[SourceVersion "1"]
[SourceVersionDate "2022.11.30"]
[SourceQuality "1"]

1. d4 d5 2. c4 c6 3. Nf3 Nf6 4. Nc3 e6 5. Bg5 dxc4 6. a4 Bb4 7. e3 b5 8. axb5 cxb5 9. Nd2 Qb6 10. Bxf6 gxf6 11. Qf3 Bb7 12. Qxf6 Rg8 13. Qh4 Nd7 14. Qxh7 0-0-0 15. Qc2 f5 16. Rg1 Nf6 17. Na2 Qa5 18. Qc1 Bd6 19. Nc3 Qb6 20. g3 Kb8 21. b3 e5 22. d5 cxb3 23. Nxb5 Bb4 24. d6 Rxd6 25. Nxd6 Qxd6 26. Qb2 Rd8 27. Bh3 Qxd2+ 28. Qxd2 Rxd2 29. Kf1 b2 30. Ra2 b1R# 0-1

[Event "POL-chT 1st League"]
[Site "Szklarska Poreba"]
[Date "2021.09.08"]
[Round "5.12"]
[White "Dzida, Kamil"]
[Black "Chmiel, Marcin"]
[Result "1-0"]
[WhiteElo "2224"]
[BlackElo "2232"]
[PlyCount "61"]
[EventDate "2021.09.04"]
[EventType "team-swiss"]
[EventRounds "9"]
[EventCountry "POL"]
[SourceTitle "CBM 204 Extra"]
[Source "ChessBase"]
[SourceDate "2021.11.30"]
[SourceVersion "1"]
[SourceVersionDate "2021.11.30"]
[SourceQuality "1"]
[WhiteTeam "Bogatynia UKS SP3"]
[BlackTeam "Krakow KKSz"]
[WhiteTeamCountry "POL"]
[BlackTeamCountry "POL"]

1. e4 c5 2. Nf3 d6 3. d4 cxd4 4. Nxd4 Nf6 5. Nc3 a6 6. Be2 e6 7. f4 Be7 8. Be3 Nc6 9. g4 Nd7 10. g5 Qc7 11. Qd2 b5 12. a3 Bb7 13. 0-0-0 b4 14. axb4 Nxb4 15. Nb3 0-0 16. f5 Rfc8 17. fxe6 fxe6 18. Bg4 Nf8 19. Rhf1 a5 20. Nd4 a4 21. Nxe6 Nxe6 22. Bxe6+ Kh8 23. Bd4 Rg8 24. g6 Bxe4 25. Nxe4 d5 26. gxh7 Kxh7 27. Bf5+ g6 28. Ng5+ Bxg5 29. Qxg5 Rg7 30. Qh5+ Kg8 31. Be6+ 1-0

[Event "Ustron op-A"]
[Site "Ustron"]
[Date "2021.08.18"]
[Round "7"]
[White "Chyzy, Jakub"]
[Black "Chmiel, Marcin"]
[Result "0-1"]
[WhiteElo "2237"]
[BlackElo "2222"]
[PlyCount "116"]
[EventDate "2021.08.13"]
[EventType "swiss"]
[EventRounds "9"]
[EventCountry "POL"]
[SourceTitle "CBM 203 Extra"]
[Source "ChessBase"]
[SourceDate "2021.09.30"]
[SourceVersion "1"]
[SourceVersionDate "2021.09.30"]
[SourceQuality "1"]

1. e4 c6 2. d4 d5 3. e5 Bf5 4. c4 e6 5. Nc3 Ne7 6. a3 Nd7 7. c5 Bg6 8. f4 Nf5 9. Nf3 Bh5 10. Be2 Be7 11. Ng1 Bxe2 12. Ngxe2 b6 13. b4 a5 14. Bd2 0-0 15. 0-0 f6 16. Qb1 Qe8 17. b5 bxc5 18. bxc6 Nb8 19. c7 Na6 20. Qb6 Qd7 21. Nb5 a4 22. g4 Nh4 23. Be1 cxd4 24. Rc1 fxe5 25. Bxh4 Bxh4 26. fxe5 Bg5 27. Qd6 Qxd6 28. exd6 Bxc1 29. Rxc1 d3 30. Ned4 d2 31. Rd1 Nc5 32. Rxd2 Kf7 33. Rf2+ Ke8 34. Rxf8+ Kxf8 35. Na7 Ke8 36. Ndc6 Nb7 37. Nb5 Nxd6 38. Nxd6+ Kd7 39. c8Q+ Rxc8 40. Nxc8 Kxc6 41. Kf2 Kc7 42. Na7 Kb6 43. Nc8+ Kc5 44. Ke2 Kc4 45. Nd6+ Kb3 46. Nb5 e5 47. Kd3 g5 48. h3 h6 49. Nc3 Kxa3 50. Nxd5 Kb3 51. Nc3 a3 52. Ne2 e4+ 53. Kd4 e3 54. Kd3 Kb2 55. Nc3 e2 56. Na4+ Kb3 57. Nc5+ Kb4 58. Na6+ Ka5 0-1

[Event "Ustron op-A"]
[Site "Ustron"]
[Date "2021.08.17"]
[Round "6"]
[White "Chmiel, Marcin"]
[Black "Chylewski, Patryk"]
[Result "0-1"]
[WhiteElo "2222"]
[BlackElo "2294"]
[PlyCount "112"]
[EventDate "2021.08.13"]
[EventType "swiss"]
[EventRounds "9"]
[EventCountry "POL"]
[SourceTitle "CBM 203 Extra"]
[Source "ChessBase"]
[SourceDate "2021.09.30"]
[SourceVersion "1"]
[SourceVersionDate "2021.09.30"]
[SourceQuality "1"]

1. c4 e6 2. g3 Nf6 3. Bg2 d5 4. Nf3 dxc4 5. Qa4+ Nbd7 6. Qxc4 c5 7. 0-0 b6 8. Nc3 Bb7 9. e4 Rc8 10. Qe2 e5 11. d3 Be7 12. Nd2 0-0 13. Nc4 a6 14. a4 Re8 15. f4 Bf8 16. f5 Nb8 17. g4 Nc6 18. g5 Nd4 19. Qd1 Nd7 20. h4 b5 21. axb5 axb5 22. Ne3 b4 23. Ne2 Nb6 24. b3 Rc7 25. Bb2 Nc6 26. Nc1 c4 27. Nxc4 Nxc4 28. bxc4 f6 29. Qg4 Be7 30. gxf6 Bxf6 31. Kh1 Bc8 32. Rf3 Nd4 33. Rh3 Kh8 34. Ra5 g6 35. Rd5 Rd7 36. Bxd4 Rxd5 37. Be3 Ra5 38. Rg3 Ra1 39. Kh2 Rg8 40. Qf3 Bxh4 41. Rg4 gxf5 42. Rxg8+ Qxg8 43. exf5 Qf7 44. Bh3 Bb7 45. Qg4 Bf6 46. Bg2 Bxg2 47. Qxg2 Qh5+ 48. Kg1 Qxf5 49. Qb2 Qg6+ 50. Kh2 e4 51. d4 Qh5+ 52. Kg2 Qf3+ 53. Kh2 Ra5 54. c5 Rxc5 55. Qg2 Rh5+ 56. Kg1 Qxe3+ 0-1

[Event "Ustron op-A"]
[Site "Ustron"]
[Date "2021.08.16"]
[Round "5"]
[White "Chmiel, Marcin"]
[Black "Paszewski, Mateusz"]
[Result "1/2-1/2"]
[WhiteElo "2222"]
[BlackElo "2261"]
[PlyCount "86"]
[EventDate "2021.08.13"]
[EventType "swiss"]
[EventRounds "9"]
[EventCountry "POL"]
[SourceTitle "CBM 203 Extra"]
[Source "ChessBase"]
[SourceDate "2021.09.30"]
[SourceVersion "1"]
[SourceVersionDate "2021.09.30"]
[SourceQuality "1"]

1. c4 e6 2. g3 d5 3. Bg2 Nf6 4. Nf3 Be7 5. 0-0 0-0 6. b3 d4 7. e3 c5 8. exd4 cxd4 9. Re1 Nc6 10. Ba3 Re8 11. d3 Rb8 12. Bxe7 Rxe7 13. Ne5 Nxe5 14. Rxe5 Qd6 15. f4 b6 16. Nd2 Bb7 17. Bxb7 Rbxb7 18. Qf3 Rbd7 19. Rae1 Qa3 20. R5e2 Qxa2 21. Ne4 Qxb3 22. Nxf6+ gxf6 23. f5 Qb4 24. fxe6 Rxe6 25. Rxe6 fxe6 26. Rxe6 Rf7 27. Qg4+ Kf8 28. Qxd4 Kg7 29. h4 Qb1+ 30. Kg2 Qc2+ 31. Kh3 h5 32. g4 Qd1 33. gxh5 Qf3+ 34. Kh2 Qxh5 35. Re3 Qf5 36. Re8 Kh7 37. Qd8 Qf2+ 38. Kh3 Qf3+ 39. Kh2 Qf4+ 40. Kh3 Qf1+ 41. Kh2 Qf2+ 42. Kh3 Qf3+ 43. Kh2 Qf2+ 1/2-1/2

[Event "Ustron op-A"]
[Site "Ustron"]
[Date "2021.08.14"]
[Round "3"]
[White "Tymrakiewicz, Rafal"]
[Black "Chmiel, Marcin"]
[Result "1-0"]
[WhiteElo "2243"]
[BlackElo "2222"]
[PlyCount "145"]
[EventDate "2021.08.13"]
[EventType "swiss"]
[EventRounds "9"]
[EventCountry "POL"]
[SourceTitle "CBM 203 Extra"]
[Source "ChessBase"]
[SourceDate "2021.09.30"]
[SourceVersion "1"]
[SourceVersionDate "2021.09.30"]
[SourceQuality "1"]

1. d4 d5 2. Bg5 h6 3. Bh4 c5 4. e3 cxd4 5. exd4 Nc6 6. c3 Bf5 7. Nf3 g5 8. Bg3 Bg7 9. Qb3 Qd7 10. Be2 e6 11. a4 Nge7 12. Nbd2 f6 13. a5 Kf7 14. a6 b6 15. Bb5 Rac8 16. h4 Bg6 17. Ng1 Nf5 18. Ne2 Nxg3 19. Nxg3 Qd6 20. Kf1 h5 21. Re1 g4 22. Qd1 Bh6 23. Nb3 Kg7 24. Bd3 f5 25. Ne2 Rhf8 26. Nec1 Rf6 27. Bb1 Rcf8 28. Nd3 Nb8 29. Ne5 Nxa6 30. Nc1 Be8 31. Kg1 Nb8 32. Bd3 a5 33. Bf1 Nc6 34. Ncd3 Ne7 35. f4 gxf3 36. gxf3 Kh7 37. Kf2 Rg8 38. Bh3 Ng6 39. Reg1 Qe7 40. Bf1 Nxe5 41. Nxe5 Rxg1 42. Rxg1 Rf8 43. Rh1 Rg8 44. Bd3 Bf4 45. Kf1 Qg7 46. Qe2 Qg3 47. Qf2 Bxe5 48. dxe5 Qf4 49. Ke2 Qxe5+ 50. Kd2 Qf4+ 51. Kc2 Qg3 52. Qe2 Qg2 53. Rh2 Qxe2+ 54. Rxe2 Bd7 55. Kd2 Rg1 56. Ke3 Kg6 57. c4 dxc4 58. Bxc4 b5 59. Rd2 bxc4 60. Rxd7 Rb1 61. Rd2 Rh1 62. Kd4 Rxh4+ 63. Ke5 Rh3 64. Kxe6 Rxf3 65. Rg2+ Kh6 66. Kf6 f4 67. Rg6+ Kh7 68. Rg7+ Kh8 69. Rg5 Rh3 70. Rxa5 Kh7 71. Kg5 f3 72. Rf5 Kg7 73. Rf4 1-0

[Event "Warsaw Najdorf Memorial op-A"]
[Site "Warsaw"]
[Date "2021.07.15"]
[Round "6"]
[White "Dwilewicz, Katarzyna"]
[Black "Chmiel, Marcin"]
[Result "1-0"]
[WhiteElo "2082"]
[BlackElo "2237"]
[PlyCount "113"]
[EventDate "2021.07.10"]
[EventType "swiss"]
[EventRounds "9"]
[EventCountry "POL"]
[SourceTitle "EXT 2022"]
[Source "ChessBase"]
[SourceDate "2021.10.06"]
[SourceVersion "1"]
[SourceVersionDate "2021.10.06"]
[SourceQuality "1"]

1. e4 c6 2. d4 d5 3. Nc3 dxe4 4. Nxe4 Bf5 5. Ng3 Bg6 6. Nh3 e6 7. Nf4 Bd6 8. Ngh5 Bxf4 9. Nxf4 Nf6 10. Nxg6 hxg6 11. c3 Nbd7 12. g3 Qa5 13. Bg2 Qf5 14. Qf3 Qxf3 15. Bxf3 e5 16. Be3 e4 17. Bg2 0-0 18. 0-0-0 Rfe8 19. Rhe1 Nd5 20. Kc2 b5 21. Bc1 f5 22. Re2 N7f6 23. Rde1 Re6 24. Bg5 Kf7 25. f3 Rh8 26. Bxf6 Nxf6 27. fxe4 Nxe4 28. Bxe4 fxe4 29. h4 Rhe8 30. Kd2 g5 31. h5 g4 32. Rf1+ Rf6 33. Rxf6+ gxf6 34. Ke3 f5 35. Kf4 Kf6 36. b3 a5 37. Re1 Rd8 38. Rd1 Re8 39. Re1 Rh8 40. Rh1 Re8 41. Ke3 Kg7 42. h6+ Kh7 43. c4 bxc4 44. bxc4 a4 45. a3 Rd8 46. Rh2 Rd7 47. Rh5 Rf7 48. d5 c5 49. Kf4 Re7 50. Kxf5 e3 51. Rh1 e2 52. Re1 Rf7+ 53. Ke6 Kg6 54. Rxe2 Rf6+ 55. Kd7 Rf3 56. d6 Kf7 57. Kc7 1-0

[Event "Warsaw Najdorf Memorial op-A"]
[Site "Warsaw"]
[Date "2021.07.13"]
[Round "4"]
[White "Kaczmarek, Aleksander"]
[Black "Chmiel, Marcin"]
[Result "1/2-1/2"]
[WhiteElo "2371"]
[BlackElo "2237"]
[PlyCount "169"]
[EventDate "2021.07.10"]
[EventType "swiss"]
[EventRounds "9"]
[EventCountry "POL"]
[SourceTitle "CBM 203 Extra"]
[Source "ChessBase"]
[SourceDate "2021.09.30"]
[SourceVersion "1"]
[SourceVersionDate "2021.09.30"]
[SourceQuality "1"]

1. e4 c6 2. d4 d5 3. Nc3 dxe4 4. Nxe4 Bf5 5. Ng3 Bg6 6. h4 h6 7. Nf3 Nd7 8. h5 Bh7 9. Bd3 Bxd3 10. Qxd3 e6 11. Bd2 Ngf6 12. 0-0-0 Be7 13. Kb1 0-0 14. Qe2 Qb6 15. Ka1 c5 16. c3 cxd4 17. Nxd4 Nc5 18. Nf1 Rfd8 19. Bc1 Nd5 20. Ne3 a5 21. Ng4 a4 22. Rh3 a3 23. b3 f5 24. Nxh6+ gxh6 25. Rg3+ Kf7 26. Qd2 Bg5 27. Rxg5 hxg5 28. Qxg5 Rg8 29. Qh6 Qd8 30. Nxe6 Nxe6 31. Qh7+ Rg7 32. Qxf5+ Qf6 33. Qxd5 Qxc3+ 34. Kb1 Rc8 35. Bxa3 Qc2+ 36. Ka1 Rc7 37. Rc1 Rg5 38. Qd6 Qxc1+ 39. Bxc1 Rxc1+ 40. Kb2 Rc7 41. h6 Kf6 42. Qd3 Rg6 43. Qf3+ Kg5 44. Qe3+ Kf6 45. g3 Rh7 46. f4 Rgxh6 47. g4 Nxf4 48. Qxf4+ Kg7 49. Qe5+ Kf7 50. a4 Rg7 51. Qd5+ Kf8 52. g5 Rhg6 53. Qd8+ Kf7 54. Qc8 b6 55. Kc3 Ke7 56. Kc4 Re6 57. Qc7+ Kf8 58. Qd8+ Kf7 59. Qd7+ Re7 60. Qf5+ Kg8 61. Kb5 Re3 62. Qd5+ Kh7 63. Kxb6 Rg3 64. Qh1+ Kg8 65. b4 R3xg5 66. b5 R5g6+ 67. Kc5 Rg5+ 68. Kb4 Rg4+ 69. Ka5 Ra7+ 70. Kb6 Raxa4 71. Qd5+ Kh8 72. Qh5+ Kg8 73. Qe8+ Kh7 74. Qh5+ Kg8 75. Kc6 Rac4+ 76. Kb7 Rg7+ 77. Kb8 Rf4 78. Qd5+ Rff7 79. b6 Kh8 80. Qh1+ Kg8 81. Qd5 Kh8 82. Qd8+ Rg8 83. Qxg8+ Kxg8 84. b7 Rxb7+ 85. Kxb7 1/2-1/2

[Event "Warsaw Najdorf Memorial op-A"]
[Site "Warsaw"]
[Date "2021.07.12"]
[Round "3"]
[White "Chmiel, Marcin"]
[Black "Licznerski, Lukasz"]
[Result "1/2-1/2"]
[WhiteElo "2237"]
[BlackElo "2400"]
[PlyCount "124"]
[EventDate "2021.07.10"]
[EventType "swiss"]
[EventRounds "9"]
[EventCountry "POL"]
[SourceTitle "CBM 203 Extra"]
[Source "ChessBase"]
[SourceDate "2021.09.30"]
[SourceVersion "1"]
[SourceVersionDate "2021.09.30"]
[SourceQuality "1"]

1. c4 c5 2. g3 g6 3. Bg2 Bg7 4. Nc3 Nf6 5. Nf3 0-0 6. d4 cxd4 7. Nxd4 Nc6 8. 0-0 Qa5 9. Nb3 Qh5 10. c5 a5 11. e4 d6 12. cxd6 exd6 13. Qxh5 Nxh5 14. a4 Be6 15. Nd5 Bxd5 16. exd5 Nd4 17. Nxd4 Bxd4 18. Rd1 Bc5 19. Bd2 Nf6 20. Bf3 Nd7 21. Re1 Bd4 22. Bf4 Bxb2 23. Rab1 Be5 24. Bxe5 Nxe5 25. Be2 Rfe8 26. Kg2 Nd7 27. Bb5 Rxe1 28. Rxe1 Nc5 29. f4 Kf8 30. Re3 f5 31. g4 fxg4 32. Kg3 h5 33. Kh4 Kf7 34. Kg5 Rf8 35. f5 gxf5 36. Kxf5 Rg8 37. Be2 Rg6 38. h3 Rf6+ 39. Kg5 Rg6+ 40. Kf5 Rf6+ 41. Kg5 Kg7 42. hxg4 hxg4 43. Bxg4 Rf7 44. Bh5 Rc7 45. Kf5 Rc8 46. Re7+ Kh6 47. Be8 Nd3 48. Ke6 Rd8 49. Bd7 b5 50. axb5 a4 51. Bc6 Nc5+ 52. Kf7 Kg5 53. Ra7 Rh8 54. b6 Rb8 55. b7 Kf5 56. Ra8 Rxb7+ 57. Bxb7 Nxb7 58. Rxa4 Ke5 59. Rb4 Nc5 60. Ke7 Kxd5 61. Rb6 Ne4 62. Rxd6+ Nxd6 1/2-1/2

[Event "POL-chT Academic"]
[Site "Chorzow"]
[Date "2021.05.15"]
[Round "5.20"]
[White "Chmiel, Marcin"]
[Black "Tomaszewski, Kacper"]
[Result "1-0"]
[WhiteElo "2236"]
[BlackElo "2302"]
[PlyCount "101"]
[EventDate "2021.05.15"]
[EventType "team-swiss (rapid)"]
[EventRounds "9"]
[EventCountry "POL"]
[SourceTitle "CBM 202 Extra"]
[Source "ChessBase"]
[SourceDate "2021.07.31"]
[SourceVersion "1"]
[SourceVersionDate "2021.07.31"]
[SourceQuality "1"]
[WhiteTeam "Krakow Jagiellonski Univ"]
[BlackTeam "Katowice Slaski Univ"]
[WhiteTeamCountry "POL"]
[BlackTeamCountry "POL"]

1. c4 g6 2. g3 Bg7 3. Bg2 e6 4. Nf3 Ne7 5. d3 0-0 6. Nc3 d5 7. Bg5 c6 8. Qc1 Re8 9. h4 h5 10. d4 Qa5 11. 0-0 Nf5 12. e4 Nxd4 13. Nxd4 Bxd4 14. exd5 exd5 15. Re1 Rxe1+ 16. Qxe1 Be6 17. cxd5 cxd5 18. Nxd5 Qxe1+ 19. Rxe1 Nc6 20. Nc7 Rf8 21. Bh6 Rc8 22. Nxe6 fxe6 23. Rxe6 Kh7 24. Bf4 Bxb2 25. Be4 Nd4 26. Re7+ Kg8 27. Bd5+ Kf8 28. Bd6 Nf5 29. Rf7+ Ke8 30. Rf8+ Kd7 31. Rxc8 Kxc8 32. Bf8 Bd4 33. Kg2 b5 34. Bf7 a5 35. Bxg6 Ng7 36. Bxg7 Bxg7 37. Bxh5 Kc7 38. Be8 Kb6 39. g4 Kc5 40. Kf3 Kb4 41. Ke4 Ka3 42. Bxb5 Kxa2 43. g5 Kb3 44. h5 a4 45. Bd7 a3 46. h6 Bf8 47. Kf5 Kc3 48. Be6 Kd4 49. Kf6 Bd6 50. g6 Be5+ 51. Kf7 1-0

[Event "Krakow op-A 31st"]
[Site "Krakow"]
[Date "2021.01.04"]
[Round "9"]
[White "Chmiel, Marcin"]
[Black "Konyves, Almos"]
[Result "1-0"]
[WhiteElo "2229"]
[BlackElo "2131"]
[PlyCount "99"]
[EventDate "2020.12.27"]
[EventType "swiss"]
[EventRounds "9"]
[EventCountry "POL"]
[SourceTitle "CBM 200 Extra"]
[Source "ChessBase"]
[SourceDate "2021.03.31"]
[SourceVersion "1"]
[SourceVersionDate "2021.03.31"]
[SourceQuality "1"]

1. c4 e5 2. g3 Nf6 3. Bg2 d5 4. cxd5 Nxd5 5. Nc3 Nb6 6. Nf3 Nc6 7. 0-0 Be7 8. a3 0-0 9. b4 Be6 10. Rb1 f6 11. d3 a5 12. b5 Nd4 13. Nd2 Rb8 14. e3 Nf5 15. Qc2 Nd6 16. Nb3 Ra8 17. Nc5 Bc8 18. Qa2+ Kh8 19. Ne6 Bxe6 20. Qxe6 Ra7 21. f4 exf4 22. gxf4 f5 23. Nd5 Nxd5 24. Qxd5 Ra8 25. Bb2 Bf6 26. Be5 Nf7 27. Qxd8 Raxd8 28. Bxf6 gxf6 29. Rb3 Nd6 30. Rc1 Rf7 31. a4 Rg7 32. Kf2 Ne4+ 33. dxe4 Rd2+ 34. Kf3 fxe4+ 35. Kxe4 Rdxg2 36. Rbc3 Rxh2 37. Rxc7 Rhg2 38. Kf5 h5 39. Kxf6 Rxc7 40. Rxc7 h4 41. Rc5 Ra2 42. e4 Kg8 43. Rg5+ Kf8 44. Rh5 Kg8 45. e5 Rxa4 46. f5 Re4 47. e6 a4 48. e7 a3 49. Rg5+ Kh8 50. Kf7 1-0

[Event "Krakow op-A 31st"]
[Site "Krakow"]
[Date "2020.12.31"]
[Round "5"]
[White "Chmiel, Marcin"]
[Black "Luberanski, Jakub"]
[Result "1-0"]
[WhiteElo "2229"]
[BlackElo "2125"]
[PlyCount "129"]
[EventDate "2020.12.27"]
[EventType "swiss"]
[EventRounds "9"]
[EventCountry "POL"]
[SourceTitle "CBM 200 Extra"]
[Source "ChessBase"]
[SourceDate "2021.03.31"]
[SourceVersion "1"]
[SourceVersionDate "2021.03.31"]
[SourceQuality "1"]

1. c4 e5 2. g3 Nf6 3. Bg2 d5 4. cxd5 Nxd5 5. Nc3 Nb6 6. Nf3 Nc6 7. 0-0 Be7 8. a3 0-0 9. b4 Be6 10. Rb1 f6 11. d3 a5 12. b5 Nd4 13. Nd2 Qc8 14. e3 Nf5 15. Qc2 Rd8 16. a4 Bb4 17. Bb2 Qd7 18. Bxb7 Qxd3 19. Qxd3 Rxd3 20. Bxa8 Rxd2 21. Rfd1 Rxb2 22. Rxb2 Bxc3 23. Rc2 Nxa4 24. Rd3 Bb4 25. Rxc7 Ne7 26. e4 Nb6 27. Rd8+ Kf7 28. Bc6 Bb3 29. Bd5+ Nbxd5 30. exd5 Kg6 31. b6 Nxd5 32. b7 Nxc7 33. b8Q Ne6 34. Rd7 Kf5 35. Qb5 Bc2 36. Qe2 Ba4 37. Qh5+ Ng5 38. Rxg7 Ke4 39. Qg4+ Kd5 40. h4 Ne4 41. f3 Nc3 42. Rxh7 Bc5+ 43. Kh2 Bb5 44. Rd7+ Bxd7 45. Qxd7+ Kc4 46. h5 a4 47. h6 a3 48. Qe6+ Kb4 49. h7 a2 50. Qa6 Na4 51. Qf1 Bd4 52. h8Q a1Q 53. Qf8+ Nc5 54. Qb8+ Ka3 55. Qa7+ Na4 56. Qe7+ Kb3 57. Qe6+ Ka3 58. Qd6+ Kb3 59. Qe6+ Ka3 60. Qxa1+ Bxa1 61. Qxf6 Bd4 62. g4 Nc3 63. g5 Nd5 64. Qd6+ Nb4 65. g6 1-0

[Event "Krakow op-A 31st"]
[Site "Krakow"]
[Date "2020.12.27"]
[Round "1"]
[White "Chmiel, Marcin"]
[Black "Brodowski, Piotr"]
[Result "1/2-1/2"]
[WhiteElo "2229"]
[BlackElo "2439"]
[PlyCount "106"]
[EventDate "2020.12.27"]
[EventType "swiss"]
[EventRounds "9"]
[EventCountry "POL"]
[SourceTitle "CBM 200 Extra"]
[Source "ChessBase"]
[SourceDate "2021.03.31"]
[SourceVersion "1"]
[SourceVersionDate "2021.03.31"]
[SourceQuality "1"]

1. c4 e5 2. g3 Nc6 3. Nc3 Bc5 4. Bg2 a6 5. e3 d6 6. Nge2 Ba7 7. d4 exd4 8. Nxd4 Nge7 9. 0-0 0-0 10. b3 Re8 11. Nde2 Ne5 12. Bb2 Rb8 13. h3 b5 14. cxb5 axb5 15. a4 bxa4 16. Rxa4 Bb6 17. Kh2 Bb7 18. e4 Nd7 19. b4 Nf6 20. f4 Ng6 21. b5 Ra8 22. Rc4 Ra5 23. Nd4 Qa8 24. Nc6 Bxc6 25. bxc6 Qa6 26. Ra4 h5 27. Rxa5 Qxa5 28. Qd3 h4 29. g4 Qb4 30. Bc1 Qd4 31. Qxd4 Bxd4 32. Nb5 Bb6 33. Re1 Nd5 34. Rf1 Nb4 35. Bd2 Nxc6 36. Rc1 Nge7 37. e5 Nd4 38. Nxc7 Bxc7 39. Rxc7 dxe5 40. f5 e4 41. Bg5 Nec6 42. Bxh4 Ne5 43. Bf2 e3 44. Bg3 e2 45. Rc3 f6 46. Be1 Rb8 47. Kg3 Rb1 48. Kf2 Rd1 49. Be4 Kh7 50. Rg3 Nd7 51. Rc3 Nb6 52. Bf3 Rb1 53. Bxe2 Rb2 1/2-1/2